The spontaneous you, (Record no. 3989)

MARC details
000 -LEADER
fixed length control field 00624cam a22002171 4500
001 - CONTROL NUMBER
control field 1710491
003 - CONTROL NUMBER IDENTIFIER
control field GBCCL
005 - DATE AND TIME OF LATEST TRANSACTION
control field 20241126110508.0
008 - FIXED-LENGTH DATA ELEMENTS--GENERAL INFORMATION
fixed length control field 700302s1966 enk 000 0 eng
010 ## -
-- 70351029
040 ## - CATALOGING SOURCE
Original cataloging agency DLC
Transcribing agency DLC
Modifying agency DLC
050 00 -
-- BV4509.5
-- .G7
082 00 - DEWEY DECIMAL CLASSIFICATION NUMBER
Classification number 248.42
Item number GRU
100 1# - MAIN ENTRY--PERSONAL NAME
Personal name Grubb, Norman P.
Fuller form of name (Norman Percy),
Dates associated with a name 1895-1993.
9 (RLIN) 9480
245 14 - TITLE STATEMENT
Title The spontaneous you,
Statement of responsibility, etc. by Norman Grubb.
260 ## - PUBLICATION, DISTRIBUTION, ETC.
Place of publication, distribution, etc. London,
Name of publisher, distributor, etc. Lutterworth P.,
Date of publication, distribution, etc. 1966.
300 ## - PHYSICAL DESCRIPTION
Extent 128 p.
Dimensions 19 cm.
650 #0 - SUBJECT ADDED ENTRY--TOPICAL TERM
Topical term or geographic name entry element Spiritual life
General subdivision Christianity.
9 (RLIN) 549
906 ## - LOCAL DATA ELEMENT F, LDF (RLIN)
a 7
b cbc
c orignew
d u
e ncip
f 19
g y-gencatlg
942 ## - ADDED ENTRY ELEMENTS (KOHA)
Source of classification or shelving scheme Dewey Decimal Classification
Koha item type Books
Holdings
Withdrawn status Lost status Source of classification or shelving scheme Damaged status Not for loan Home library Current Library Shelving location Date acquired Total checkouts Full call number Barcode Date last seen Copy number Price effective from Koha item type
    Dewey Decimal Classification     GRACE BIBLE COLLEGE GRACE BIBLE COLLEGE Ministry & Mission 2017-12-19   248.42 GRU 002363 2025-05-01 c.1 2017-12-19 Books
© Grace Bible College Library 2025